| 000 | 00919 a2200241 4500 | ||
|---|---|---|---|
| 020 | _a0471448575 (cloth : alk. paper) | ||
| 020 | _a0471448842 (pbk. : alk. paper) | ||
| 040 |
_aDLC _bDLC |
||
| 082 | 0 | 0 | _a657 |
| 100 | 1 | _aWeygandt, Jerry J. | |
| 245 | 1 | 0 |
_aAccounting principles _cJerry J. Weygandt, Donald E. Kieso, Paul D. Kimmel. |
| 250 | _a7th ed. | ||
| 260 |
_aHoboken, NJ : _bJohn Wiley, _cc2005. |
||
| 300 |
_a1 v. (various pagings) : _bcol. ill. ; _c29 cm. |
||
| 500 | _aIncludes indexes. | ||
| 650 | 0 | _aAccounting. | |
| 700 | 1 | _aKieso, Donald E. | |
| 700 | 1 | _aKimmel, Paul D. | |
| 856 | 4 | 2 |
_3Contributor biographical information _uhttp://www.loc.gov/catdir/bios/wiley046/2003065000.html |
| 856 | 4 | 2 |
_3Publisher description _uhttp://www.loc.gov/catdir/description/wiley041/2003065000.html |
| 856 | 4 | 2 |
_3Table of contents _uhttp://www.loc.gov/catdir/toc/wiley041/2003065000.html |
| 942 |
_cBK _k657 WEY _2ddc |
||
| 999 |
_c9545 _d9545 |
||